[Event "US Chess League 2011"]
[Site "ICC INT"]
[Date "2011.08.31"]
[Round "1"]
[White "Schroer,J"]
[Black "Fishbein,A"]
[Result "1-0"]
[WhiteElo "2359"]
[BlackElo "2498"]

1.d4 Nf6 2.c4 g6 3.Nc3 Bg7 4.e4 d6 5.Be2 O-O 6.Nf3 e5 7.dxe5 dxe5 8.Qxd8 Rxd8
9.Bg5 Nbd7 10.O-O-O Rf8 11.Nd5 c6 12.Ne7+ Kh8 13.Be3 Re8 14.Nxc8 Raxc8 15.g4 Nf8
16.Nd2 b6 17.g5 N6d7 18.Bg4 Rc7 19.h4 Ne6 20.Bxe6 Rxe6 21.h5 Kg8 22.hxg6 hxg6
23.Nf3 Re8 24.Kc2 Nf8 25.Nh2 Rd7 26.Rxd7 Nxd7 27.Rd1 Nf8 28.Ng4 Rc8 29.b4 Ne6
30.Nf6+ Bxf6 31.gxf6 Kf8 32.Rd6 Ke8 33.a4 Rc7 34.Kc3 Nd8 35.Rd1 Rd7 36.Rh1 Rb7
37.Rh8+ Kd7 38.Rf8 Kc8 39.a5 bxa5 40.bxa5 Rc7 41.Bc5 Kd7 42.Be7 Ne6 43.Rxf7 Ng5
44.Rg7 Ke6 45.f3 a6 46.Rxg6 Nxf3 47.Rg7 Rc8 48.Rg2 Rb8 49.Bc5 Rh8 50.Rg3 Nh4
51.Be7 Kf7 52.Kb4 Ng6 53.Kc5 Rh4 54.Re3 Nxe7 55.fxe7 Kxe7 56.Kxc6 Rh6+ 57.Kd5 Rh1
58.Rb3 Rd1+ 59.Kxe5 Kd7 60.Rb6 Rc1 61.Rxa6 Rxc4 62.Kd5 Rc1 63.Ra7+ Kc8 64.a6 Ra1
65.e5 Kb8 66.Rb7+ Kc8 67.Rb6 Kc7 68.Rd6 Rh1 69.Rg6 Ra1 70.Rg7+ Kb8 71.e6 Ra5+
72.Kd6 Rxa6+ 73.Ke7 Kc8 74.Rg1 Ra7+ 75.Ke8 Ra2 76.Rc1+ Kb7 77.e7 Rf2 78.Rc4 Rf1
79.Kd7 Rd1+ 80.Ke6 Re1+ 81.Kd6 Re2 82.Rc5  1-0

[Event "Circuito CBX IM"]
[Site "Natal BRA"]
[Date "2011.08.31"]
[Round "9"]
[White "Macedo,MIa"]
[Black "Perdomo,L"]
[Result "1/2-1/2"]
[WhiteElo "2309"]
[BlackElo "2384"]

1.d4 Nf6 2.c4 g6 3.Nc3 Bg7 4.e4 d6 5.Nf3 O-O 6.Be2 e5 7.dxe5 dxe5 8.Qxd8 Rxd8
9.Bg5 Re8 10.Nd5 Nxd5 11.cxd5 c6 12.Bc4 b5 13.Bb3 a5 14.a4 Bb7 15.O-O cxd5
16.Bxd5 Bxd5 17.exd5 e4 18.Nd2 Bxb2 19.Rab1 Bc3 20.Rxb5 Nd7 21.Nc4  1/2-1/2

[Event "18th Graz Open"]
[Site "Graz AUT"]
[Date "2011.09.01"]
[Round "6"]
[White "Ikonnikov,Vy"]
[Black "Kozul,Z"]
[Result "0-1"]
[WhiteElo "2553"]
[BlackElo "2541"]

1.d4 Nf6 2.Nf3 g6 3.c4 Bg7 4.Nc3 O-O 5.e4 d6 6.Be2 e5 7.O-O Nbd7 8.Qc2 c6
9.Rd1 Qe7 10.d5 c5 11.a3 Ne8 12.Bd3 Ndf6 13.b4 b6 14.bxc5 bxc5 15.Rb1 Nh5
16.g3 Bg4 17.Be2 Qd7 18.Bd2 Bf6 19.Rb2 Bd8 20.Rdb1 Nhg7 21.Ne1 Bxe2 22.Nxe2 f5
23.Nc3 Ba5 24.exf5 Bxc3 25.Bxc3 Nxf5 26.Rb7 Qc8 27.Qe2 Rf7 28.Rxf7 Kxf7 29.Nf3 h6
30.Qb2 Ne7 31.Kg2 Qf5 32.Bd2 g5 33.h3 Nf6 34.Qb3 Rf8 35.g4 Qh7 36.Re1 Kg8
37.Qb1 Qf7 38.Re3 Ng6 39.Be1 Nd7 40.Nd2 Rb8 41.Rb3 Nh4+ 42.Kf1 Rb6 43.Ne4 Qf4
44.Rxb6 axb6 45.Qd3 Qf8 46.Ke2 Nf6 47.f3 Ng6 48.Bd2 Nxe4 49.Qxe4 Kg7 50.a4 Qe8
51.Qc2 Nf4+ 52.Bxf4 exf4+ 53.Kd1 Qe5 54.Qb3 Qd4+ 55.Kc2 Qf2+ 56.Kb1 Qf1+
57.Ka2 Kf7 58.Qc2 Qe1 59.Qh7+ Ke8 60.Qxh6 Qd2+ 61.Kb1 Qb4+ 62.Kc1 Qxc4+ 63.Kb2 Qxd5
64.h4 gxh4 65.g5 c4 66.Qh5+ Kd8 67.Qh8+ Kd7 68.Qh7+ Kc6 69.Kc3 Qxf3+ 70.Kxc4 Qd5+
71.Kb4 Qc5+ 72.Kb3 Qxg5 73.Qe4+ Qd5+  0-1

[Event "Richard Reti Mem"]
[Site "Trnava SVK"]
[Date "2011.09.01"]
[Round "6.11"]
[White "Plachetka,J"]
[Black "Sklars,T"]
[Result "1-0"]
[WhiteElo "2387"]
[BlackElo "1886"]

1.c4 Nf6 2.Nc3 g6 3.Nf3 Bg7 4.e4 d6 5.d4 O-O 6.Be2 Nbd7 7.O-O e5 8.Re1 h6
9.Bf1 Nh7 10.g3 Ng5 11.Nxg5 hxg5 12.d5 a5 13.Be3 Nc5 14.f3 f5 15.Bf2 Qf6
16.Bg2 Bh6 17.Rf1 Kf7 18.Qe2 Bd7 19.b3 Rh8 20.g4 f4 21.Rab1 b6 22.a3 Nb7
23.b4 axb4 24.axb4 Rhc8 25.Ra1 Bf8 26.Qb2 Qd8 27.Rfc1 Be7 28.Bf1 Rxa1 29.Rxa1 Ra8
30.Ra3 Qb8 31.Qa2 Rxa3 32.Qxa3 Kf8 33.Be2 Ke8 34.Bd1 Kd8 35.Kg2 Kc8 36.Ba4 Kd8
37.Bxd7 Kxd7 38.Qa4+ Kd8 39.Nb5 Bf6 40.Kf1 Ke7 41.Ke2 Nd8 42.Qa6 Kd7 43.Kd3 Qb7
44.Qa4 c6 45.Na7 Kc7 46.dxc6 Nxc6 47.Nxc6 Qxc6 48.Qa7+ Qb7 49.Bxb6+ Kc8 50.Qa5 Kd7
51.b5 Be7 52.Qa6 Qb8 53.Bf2 Qh8 54.c5 Qxh2 55.c6+ Ke6 56.Qa2+ Kf6 57.c7 Qh1
58.Ke2 Qc1 59.b6 Qc3 60.Qg8  1-0

[Event "18th Graz Open"]
[Site "Graz AUT"]
[Date "2011.09.02"]
[Round "7"]
[White "Tratar,M"]
[Black "Tomazini,Z"]
[Result "1-0"]
[WhiteElo "2491"]
[BlackElo "2288"]

1.Nf3 Nf6 2.c4 g6 3.Nc3 Bg7 4.e4 d6 5.d4 O-O 6.Be2 Nbd7 7.O-O e5 8.d5 Nc5
9.Qc2 a5 10.Bg5 h6 11.Be3 b6 12.Nd2 Ng4 13.Bxg4 Bxg4 14.a3 Na6 15.Rab1 f5
16.f3 Bh5 17.b4 axb4 18.axb4 f4 19.Bf2 g5 20.h3 Be8 21.Rb3 Bd7 22.Rfb1 h5
23.Qd1 g4 24.fxg4 hxg4 25.hxg4 Nb8 26.Nb5 Rf7 27.Nf1 Bf6 28.Nh2 Ra2 29.Ra1 Rxf2
30.Kxf2 Bh4+ 31.Ke2 Bg3 32.Nf3 Bxg4 33.Ra8 Rf8 34.Rba3 Qe8 35.Kd3 c6 36.Nc3 b5
37.Kc2 c5 38.Nxb5 cxb4 39.R3a7 Qg6 40.Qe2 Nd7 41.Rxf8+ Kxf8 42.Ra8+ Kg7 43.Ra6 Nc5
44.Rxd6 b3+ 45.Kb2 Qxe4 46.Qxe4 Nxe4 47.Ra6 Nc5 48.Ra7+ Kf6 49.Nd6 Bxf3 50.gxf3 Bf2
51.Ne8+ Kf5 52.Rf7+ Kg6 53.Rg7+ Kf5 54.Rf7+ Kg6 55.Rg7+ Kf5 56.Nd6+ Kf6 57.Rg2 Bd4+
58.Ka3 b2 59.Ka2 e4 60.Nxe4+ Nxe4 61.fxe4 f3 62.Rd2 f2 63.Rd1 Ke5 64.d6 Kxe4
65.d7 Bf6 66.c5 Ke3 67.c6 Ke2 68.Rb1 Bd8 69.Rxb2+ Ke3 70.Rb1 Kd4 71.Rf1 Kd5
72.Rxf2 Kxc6 73.Rd2 Kc7 74.Kb3 Bg5 75.Rd3 Be7 76.Kc4 Bf6 77.Rd5 Be7 78.Kd4 Bd6
79.d8=Q+  1-0

[Event "TCh-SRB Premier Men"]
[Site "Valjevo SRB"]
[Date "2011.09.02"]
[Round "7.3"]
[White "Ostojic,N1"]
[Black "Popovic,Du"]
[Result "1-0"]
[WhiteElo "2458"]
[BlackElo "2569"]

1.d4 Nf6 2.c4 g6 3.Nc3 Bg7 4.e4 d6 5.Be2 O-O 6.Nf3 e5 7.d5 a5 8.Bg5 h6 9.Bh4 Na6
10.Nd2 Qe8 11.O-O Nh7 12.a3 Bd7 13.Kh1 h5 14.f3 Bf6 15.Bf2 h4 16.b3 Qe7 17.Rb1 Nc5
18.Qc2 Bg5 19.b4 axb4 20.axb4 Na4 21.Ra1 Nxc3 22.Qxc3 Bf4 23.Rfe1 Qg5 24.Nf1 Nf6
25.Rxa8 Rxa8 26.Ra1 Rxa1 27.Qxa1 Nh5 28.Qe1 h3 29.g3 f5 30.exf5 gxf5 31.Qa1 Bd2
32.Qa8+ Kf7 33.Qxb7 Nf6 34.c5 e4 35.Qxc7 exf3 36.Bb5 Be1 37.Bd4 Bc3 38.Bxc3 Qc1
39.Bxf6 Qc2 40.Qxd7+ Kxf6 41.Qxd6+ Kf7 42.Qe6+ Kf8 43.Qh6+  1-0

[Event "TCh-SRB Premier Men"]
[Site "Valjevo SRB"]
[Date "2011.09.02"]
[Round "7.4"]
[White "Miljkovic,Mir1"]
[Black "Drazic,S"]
[Result "1/2-1/2"]
[WhiteElo "2495"]
[BlackElo "2501"]

1.d4 Nf6 2.c4 d6 3.Nc3 e5 4.Nf3 Nbd7 5.e4 g6 6.Be2 Bg7 7.O-O O-O 8.Be3 Ng4
9.Bg5 f6 10.Bc1 c6 11.d5 c5 12.a3 b6 13.b4 a6 14.Bd2 Nh6 15.Rb1 Nf7 16.Ne1 f5
17.Nd3 Nf6 18.f3 h5 19.bxc5 bxc5 20.Nf2 Bh6 21.Na4 fxe4 22.fxe4 Ra7 23.Rb8 Qc7
24.Rb3 Rb7 25.Rg3 Kh7 26.Bxh6 Kxh6 27.Nc3 Qe7 28.Nd3 h4 29.Rgf3 Ng5 30.Qd2 Nh7
31.Rxf8 Nxf8 32.Nf2 Nh7 33.Bg4 Qd8 34.h3 Nf6 35.Bxc8 Qxc8 36.Nd3 Nh5 37.Ne2 Qd8
38.Qe3 Kg7 39.Nf2 Nh7 40.Ng4 Qg5 41.Qc3 N5f6 42.Nf2 Qh5 43.Qc2 Qh6 44.Nd1 Ng5
45.Ndc3 Nf7 46.Kh2 Nh5 47.Nd1 Qg5 48.Rf3 Nf4 49.Ne3 Nxe2 50.Qxe2 Nh6 51.Qd2 Qd8
52.Ng4 Nxg4+ 53.hxg4 Rf7 54.Rxf7+ Kxf7 55.g5 Kg7 56.Kh3 Qf8 57.Qa5 Qf4 58.Qc7+ Kg8
59.Qd8+ Kh7 60.Qe7+ Kg8 61.Qe6+ Kh7  1/2-1/2

[Event "Lion Cup"]
[Site "Lviv UKR"]
[Date "2011.09.03"]
[Round "8.1"]
[White "Zazuliak,A"]
[Black "Buturin,V"]
[Result "1-0"]
[WhiteElo "2189"]
[BlackElo "2285"]

1.d4 d6 2.Nf3 Nf6 3.c4 g6 4.Nc3 Bg7 5.e4 O-O 6.Be2 Nbd7 7.O-O e5 8.Be3 Ng4
9.Bg5 f6 10.Bh4 Nh6 11.dxe5 dxe5 12.b4 a5 13.a3 axb4 14.axb4 Rxa1 15.Qd5+ Nf7
16.Rxa1 Qe7 17.c5 c6 18.Qb3 b6 19.Bc4 bxc5 20.b5 cxb5 21.Qxb5 g5 22.Bg3 f5
23.Nd5 Qd8 24.Ra8 Nd6 25.Qc6 Nxc4 26.Rxc8 Qa5 27.h3 Rxc8 28.Qxc8+ Nf8 29.Ne7+ Kf7
30.Nxf5 Qa7 31.Nxg5+ Kg6 32.Qe8+ Kxg5 33.f4+  1-0

[Event "TCh-POL Ekstraliga"]
[Site "Miedzybrodzie-Zywiec POL"]
[Date "2011.09.03"]
[Round "5.1"]
[White "Hera,I"]
[Black "Moranda,W"]
[Result "1/2-1/2"]
[WhiteElo "2566"]
[BlackElo "2577"]

1.d4 Nf6 2.c4 g6 3.Nc3 Bg7 4.e4 d6 5.Nf3 O-O 6.Be2 e5 7.O-O Nbd7 8.Be3 Re8
9.Qc2 Ng4 10.Bg5 Bf6 11.Bxf6 Ngxf6 12.dxe5 dxe5 13.Rad1 c6 14.Rd6 Qe7 15.Rfd1 Nf8
16.h3 c5 17.Qa4 Bd7 18.Qa3 b6 19.Nh2 h5 20.Nf3 Bc8 21.Rxb6 Bb7 22.Rb5 Ne6
23.Nd5 Bxd5 24.cxd5 Nd4 25.Nxd4 cxd4 26.Qxe7 Rxe7 27.Bd3 Rc8 28.b4 Rec7 29.Kf1 Ne8
30.d6 Nxd6 31.Rxe5 Nc4 32.Rd5 Nb2 33.Rd2 Nxd3 34.Rxd3 Rc2 35.a3 Ra2 36.Rc5 Rxc5
37.bxc5 Kf8 38.c6 Rc2 39.Rxd4 Rxc6 40.Ke2 Rc2+ 41.Ke3 Rc3+ 42.Rd3 Rc2 43.g3 Ke7
44.h4 f6 45.f4 Rc4 46.Kf3 Ke6 47.Re3 Rc5 48.Ke2 g5 49.hxg5 fxg5 50.Kf3 a5
51.Rb3 a4 52.Rb6+ Kf7 53.fxg5 Rc3+ 54.Kf4 Rxa3 55.Rh6 Ra1 56.Rxh5 Rf1+ 57.Kg4 Re1
58.Kf4 Rf1+ 59.Kg4 Re1 60.Kf5 Rf1+ 61.Ke5 a3 62.Rh7+ Kg6 63.Ra7 Rf3 64.Kd4 Kxg5
65.e5 Rb3 66.Kc4 Re3 67.Kd4 Rb3 68.Kc4 Re3 69.Kd5 Kf5 70.Rf7+ Kg6 71.e6 a2
72.Ra7 Kf6 73.Rf7+ Kg6 74.Ra7 Kf6 75.Rxa2 Re5+  1/2-1/2

[Event "Okie Fest Open"]
[Site "Tulsa USA"]
[Date "2011.09.03"]
[Round "2.3"]
[White "Temple,J"]
[Black "Braunlich,T"]
[Result "1/2-1/2"]
[WhiteElo "1880"]
[BlackElo "2203"]

1.d4 Nf6 2.c4 g6 3.Nc3 Bg7 4.e4 d6 5.Nf3 O-O 6.Be2 e5 7.O-O Nbd7 8.h3 Re8
9.d5 Nc5 10.Nd2 a5 11.Rb1 c6 12.dxc6 bxc6 13.b3 Bh6 14.Qc2 Ba6 15.Nf3 Bxc1
16.Rbxc1 Ne6 17.Rfd1 c5 18.Nxe5 Nd4 19.Rxd4 cxd4 20.Nc6 Qb6 21.Nd5 Nxd5 22.exd5 Bb7
23.Bf3 Bxc6 24.dxc6 Re5 25.Rd1 Rae8 26.Qd2 d3 27.Qxd3 Re1+ 28.Rxe1 Rxe1+
29.Kh2 Qxf2 30.Qxd6 h5 31.c7 h4 32.c8=Q+ Kh7 33.Qh8+ Kxh8 34.Qf8+ Kh7 35.Qxf7+ Kh6
36.Qf8+ Kg5 37.Qd8+ Kh6 38.Qh8+ Kg5 39.Qd8+  1/2-1/2

[Event "TCh-SRB Premier Women"]
[Site "Valjevo SRB"]
[Date "2011.09.03"]
[Round "8.5"]
[White "Jovanovic,Vi"]
[Black "Dembo,Y"]
[Result "0-1"]
[WhiteElo "2136"]
[BlackElo "2471"]

1.Nf3 Nf6 2.c4 g6 3.Nc3 Bg7 4.e4 d6 5.d4 O-O 6.Be2 Nbd7 7.O-O e5 8.Be3 Re8
9.d5 Nh5 10.g3 Bf8 11.Ne1 Ng7 12.Ng2 f5 13.f3 Be7 14.Qd2 Nf6 15.b4 fxe4 16.fxe4 Ng4
17.Bxg4 Bxg4 18.c5 Bh3 19.Rac1 a6 20.Rf3 Rf8 21.Rxf8+ Qxf8 22.Rf1 Qe8 23.Qf2 Nh5
24.cxd6 cxd6 25.Na4 Nf6 26.Nb6 Rb8 27.Qc2 Ng4 28.Rf3 Bd8 29.Nc4 Rc8 30.Qe2 Qb5
31.Qf1 Be7 32.Nd2 Qxf1+ 33.Nxf1 Rc3 34.Bg5 Rxf3 35.Bxe7 Ra3 36.Bxd6 Rxa2
37.Nge3 Ra1 38.Ng2 Kf7 39.Bc5 a5 40.bxa5 Rxa5 41.Bb4 Ra4 42.Bc3 Rxe4 43.Nd2 Re2  0-1

[Event "3rd Julio Bolbochan Mem"]
[Site "Banfield ARG"]
[Date "2011.09.04"]
[Round "7.2"]
[White "Mayorga,N"]
[Black "Villanueva,Mar"]
[Result "1/2-1/2"]
[WhiteElo "2330"]
[BlackElo "2378"]

1.d4 Nf6 2.c4 g6 3.Nc3 Bg7 4.e4 d6 5.Nf3 O-O 6.Be2 e5 7.d5 a5 8.Bg5 h6 9.Bh4 Na6
10.Nd2 Bd7 11.a3 Qe8 12.b3 Nxe4 13.Ncxe4 f5 14.Bd3 fxe4 15.Nxe4 Bf5 16.Qb1 Nc5
17.Bg3 Nxd3+ 18.Qxd3 g5 19.O-O Qg6 20.Rae1 h5 21.f3 g4 22.Kh1 Rf7 23.Rf2 Raf8
24.Qe2 Bh6 25.c5 Kh7 26.cxd6 cxd6 27.Ref1 gxf3 28.Rxf3 Bf4 29.Nf2 Bxg3 30.hxg3 Kg8
31.Kh2 Bc2 32.Qe3 Bf5 33.Nh3 Bxh3 34.Kxh3 Qg4+ 35.Kh2 h4 36.gxh4 Rxf3 37.Rxf3 Rxf3
38.gxf3 Qxh4+ 39.Kg2 Kf7 40.Qb6 Qg5+ 41.Kh3 Qh6+ 42.Kg2 Qd2+ 43.Kg3 Qxd5
44.Qd8 e4 45.Qd7+ Kf6 46.Qd8+ Kf7 47.Qd7+  1/2-1/2

[Event "VII Ugra Governor's Cup"]
[Site "Khanty-Mansiysk RUS"]
[Date "2011.09.04"]
[Round "5"]
[White "Ilyasov,Vener"]
[Black "Sazonova,A"]
[Result "0-1"]
[WhiteElo "1827"]
[BlackElo "2010"]

1.Nf3 Nf6 2.c4 g6 3.d4 Bg7 4.Nc3 O-O 5.e4 d6 6.Be2 e5 7.d5 Nbd7 8.O-O Nc5
9.Bg5 h6 10.Bxf6 Qxf6 11.b4 Nd7 12.Nb5 Qd8 13.Rc1 a6 14.Nc3 f5 15.Qb3 Kh8
16.Nd2 b6 17.Na4 Qe7 18.Qc3 a5 19.c5 axb4 20.cxd6 Qxd6 21.Qb3 Nc5 22.Nxc5 bxc5
23.Rfe1 f4 24.Nc4 Qe7 25.a4 g5 26.h3 Qf6 27.Rc2 Bd7 28.Ra1 Qg6 29.f3 Ra7
30.Rca2 Rfa8 31.Bf1 h5 32.a5 Bf6 33.Kf2 g4 34.hxg4 hxg4 35.Ke1 Kg7 36.Qc2 Rh8
37.Nd2 Be7 38.Kd1 Rh1 39.Kc1 Bb5 40.Kb2 Bxf1 41.Rxf1 Rxf1 42.Nxf1 Qa6 43.Ra1 c4
44.Qa4 c3+ 45.Kb3 c5 46.Qc6 Qe2 47.Ra2 Qxf1 48.d6 Qb1+ 49.Kc4 Qxa2+ 50.Kxc5 Rxa5+
51.Kxb4 Bxd6+ 52.Qxd6 Qa3+  0-1

[Event "Richard Reti Mem"]
[Site "Trnava SVK"]
[Date "2011.09.04"]
[Round "9.3"]
[White "Jurcik,Mari"]
[Black "Manik,M"]
[Result "1/2-1/2"]
[WhiteElo "2481"]
[BlackElo "2397"]

1.d4 Nf6 2.Nf3 g6 3.c4 Bg7 4.Nc3 O-O 5.e4 d6 6.Be2 e5 7.O-O c6 8.Be3 Ng4
9.Bg5 f6 10.Bc1 Nd7 11.d5 c5 12.a3 Nh6 13.b4 Nf7 14.Ne1 f5 15.Qc2 Nf6 16.exf5 gxf5
17.bxc5 dxc5 18.Nd3 Qe7 19.f4 exf4 20.Bb2 Nd6 21.Nxf4 Ng4 22.Nd1  1/2-1/2

[Event "VII Ugra Governor's Cup"]
[Site "Khanty-Mansiysk RUS"]
[Date "2011.09.05"]
[Round "6"]
[White "Barieva,Rumij"]
[Black "Likhomanov,Alexey"]
[Result "0-1"]
[WhiteElo "1777"]
[BlackElo "1964"]

1.d4 Nf6 2.Nf3 g6 3.c4 Bg7 4.Nc3 O-O 5.e4 d6 6.Be2 e5 7.d5 Na6 8.O-O c6 9.Bg5 Qc7
10.Bxf6 Bxf6 11.Qd2 Kg7 12.h3 Qe7 13.a3 h6 14.Rad1 c5 15.Kh2 Bg5 16.Nxg5 hxg5
17.g4 Rh8 18.Rh1 Bd7 19.Kg2 Nc7 20.Rdg1 Rh4 21.Kf1 Rah8 22.Qe3 Qf6 23.Rh2 Ne8
24.Rgh1 Qf4 25.Qxf4 gxf4 26.f3 f5 27.Kg2 Nf6 28.exf5 gxf5 29.gxf5 a6 30.Ne4 Ne8
31.f6+ Kf7 32.Bf1 Bf5 33.b4 Bxe4 34.fxe4 b6 35.Kf3 Nxf6 36.Rg1 cxb4 37.axb4 Ra8
38.Ra2 Rhh8 39.Bg2 Rhc8 40.Rc1 Rc7 41.Bf1 a5 42.Rca1 Rca7 43.c5 dxc5 44.bxc5 bxc5
45.Bb5 Ke7 46.Bc6 Rg8 47.Rxa5 Rg3+ 48.Kf2 Nxe4+ 49.Ke2 Rxa5 50.Rxa5 Re3+
51.Kf1 Rxh3 52.Ra7+ Kf6 53.Be8 f3 54.Rf7+ Kg5 55.Kg1 f2+ 56.Kg2 Rg3+ 57.Kh2 Rd3
58.Bc6 Nf6 59.Kg2 Rd2 60.Rg7+ Kf5 61.Rg3 e4 62.Rc3 Kf4 63.Rxc5 Ng4 64.Bb5 Ne3+  0-1

[Event "10th African Games Women"]
[Site "Maputo MOZ"]
[Date "2011.09.05"]
[Round "1.1"]
[White "Lopang,T"]
[Black "Sischy,M"]
[Result "0-1"]
[WhiteElo "1888"]
[BlackElo "2021"]

1.d4 Nf6 2.c4 g6 3.Nc3 Bg7 4.e4 d6 5.Nf3 O-O 6.Be2 Na6 7.O-O e5 8.a3 exd4
9.Nxd4 Nc5 10.f3 Nh5 11.Be3 Qh4 12.Rc1 Be5 13.f4 Nxf4 14.Nf3 Qg4 15.Bxf4 Bxf4
16.Nd5 Bg5 17.Nxg5 Qxg5 18.Nxc7 Rb8 19.Bf3 Nxe4 20.Bxe4 Qc5+ 21.Kh1 Qxc7
22.Rf6 Be6 23.Qd2 Qe7 24.Qd4 Rbc8 25.Rff1 b6 26.Rfe1 Qc7 27.h3 Qc5 28.Qd2 Qc7
29.b3 Qc5 30.b4 Qc7 31.Bd3 Qe7 32.Qe3 Qh4 33.Rf1 Rfe8 34.Qf3 Re7 35.Rfe1 Bg4
36.Qf1 Rxe1 37.Rxe1 Be6 38.Re4 Qg3 39.Qe2 Rc7 40.Re3 Qf4 41.g3 Qd4 42.Kh2 Kg7
43.Re4 Qc3 44.Re3 Qc1 45.g4 Bxc4 46.Bxc4 Rxc4  0-1

[Event "TCh-POL 1st League"]
[Site "Mrzezyno POL"]
[Date "2011.09.05"]
[Round "3"]
[White "Sieciechowicz,M"]
[Black "Vovk,Y"]
[Result "1-0"]
[WhiteElo "2422"]
[BlackElo "2577"]

1.d4 Nf6 2.c4 g6 3.Nc3 Bg7 4.e4 d6 5.Nf3 O-O 6.Be2 e5 7.Be3 exd4 8.Nxd4 Re8
9.f3 c6 10.O-O d5 11.cxd5 cxd5 12.Kh1 Nc6 13.Nxc6 bxc6 14.Bg5 h6 15.Bh4 dxe4
16.Qxd8 Rxd8 17.fxe4 g5 18.Bg3 Be6 19.Rad1 Ng4 20.Rxd8+ Rxd8 21.Rd1 Re8 22.Rd6 Bxc3
23.bxc3 Nf6 24.Bd3 c5 25.h3 Nh5 26.Bf2 c4 27.Be2 Nf4 28.Bf3 Rb8 29.Bxa7 Rb2
30.Bd4 h5 31.Rd8+ Kh7 32.a4 g4 33.Rh8+ Kg6 34.Rg8+ Kh7 35.Rg7+ Kh6 36.hxg4 hxg4
37.Bxg4 Ra2 38.Bxe6 Nxe6 39.Rxf7 Nxd4 40.cxd4 c3 41.Rc7 c2  1-0

[Event "13th Trieste Open"]
[Site "Trieste ITA"]
[Date "2011.09.05"]
[Round "4"]
[White "Kragelj,I"]
[Black "Franca,Veronika"]
[Result "1/2-1/2"]
[WhiteElo "2219"]
[BlackElo "1833"]

1.d4 Nf6 2.c4 g6 3.Nc3 Bg7 4.e4 d6 5.Nf3 O-O 6.Be2 e5 7.Be3 Ng4 8.Bg5 f6
9.Bc1 Nh6 10.dxe5 fxe5 11.O-O Nc6 12.h3 Nf7 13.Be3 Re8 14.Qd2 Be6 15.Rfd1 Ne7
16.Rac1 a6 17.Nd5 Qd7 18.b3 Rad8 19.Rc2 c6 20.Nxe7+ Qxe7 21.Ng5 Nxg5 22.Bxg5 Bf6
23.Be3 Bg7 24.Bg5 Bf6 25.Be3 Bg7 26.Qb4 Bf8 27.Qc3 Bg7 28.Rcd2 Rd7 29.Qc1 Red8
30.Rd3 Bf6 31.Qa3 d5 32.Bc5 Qf7 33.cxd5 cxd5 34.exd5 Rxd5 35.Rxd5 Rxd5 36.Rxd5 Bxd5
37.Be3 Qc7 38.Qc5 Qxc5 39.Bxc5 Kf7 40.Kf1 Be7  1/2-1/2

[Event "InventiChess GM"]
[Site "Antwerp BEL"]
[Date "2011.09.06"]
[Round "4.2"]
[White "Savina,A"]
[Black "Docx,S"]
[Result "1-0"]
[WhiteElo "2336"]
[BlackElo "2328"]

1.d4 d6 2.Nf3 Nf6 3.c4 g6 4.Nc3 Bg7 5.e4 O-O 6.Be2 e5 7.O-O exd4 8.Nxd4 Re8
9.f3 c6 10.Be3 d5 11.cxd5 Nxd5 12.Nxd5 cxd5 13.Qb3 Nc6 14.Rad1 Nxd4 15.Bxd4 Bxd4+
16.Rxd4 Qf6 17.Rd2 Qf4 18.Qxd5 Be6 19.Qd6 Qe3+ 20.Kh1 Bxa2 21.Qd4 Qxd4 22.Rxd4 Red8
23.Ra4 Rd2 24.Rxa2 Rxe2 25.Rfa1 a6 26.b4 Rxa2 27.Rxa2 Rc8 28.Ra1 Rc2 29.Rb1 Kf8
30.h4 Ke7 31.Kh2 Kd6 32.Rd1+ Kc6 33.Rd4 Kc7 34.Kg3 b5 35.e5 Rc4 36.Rd6 Kb7
37.Rf6 Rxb4 38.Rxf7+ Kc8 39.Rxh7 a5 40.f4 a4 41.Ra7 Kb8 42.Ra5 Rb3+ 43.Kg4 a3
44.Kg5 Kc7 45.e6 b4 46.e7 Re3 47.Kf6 Rxe7 48.Kxe7 Kb6 49.Ra8 Kc5 50.f5  1-0

[Event "US Chess League 2011"]
[Site "ICC INT"]
[Date "2011.09.06"]
[Round "2"]
[White "Feng,Roland"]
[Black "Atoufi,P"]
[Result "1/2-1/2"]
[WhiteElo "2016"]
[BlackElo "2279"]

1.d4 Nf6 2.c4 g6 3.Nc3 Bg7 4.e4 d6 5.Nf3 O-O 6.Be2 Na6 7.O-O e5 8.Re1 c6
9.Rb1 exd4 10.Nxd4 Nc5 11.Bf3 h6 12.h3 Nh7 13.Be3 Ng5 14.b4 Nxf3+ 15.Qxf3 Ne6
16.Red1 Qh4 17.Qe2 Nf4 18.Qf3 Be5 19.Nce2 Nxe2+ 20.Qxe2 Qxe4 21.Bxh6 Qxe2
22.Nxe2 Re8 23.Ng3 Kh7 24.Bd2 Be6 25.Rbc1 d5 26.c5 d4 27.f4 Bg7 28.a3 Bb3
29.Re1 d3 30.Ne4 Bb2 31.Rc3 Bxc3 32.Bxc3 Red8 33.Nf6+ Kg7 34.Ne8+ Kh7 35.Nf6+ Kg7
36.Ne8+ Kh6 37.Nd6 Rd7 38.Bd2 Rad8 39.Kf2 Rxd6 40.cxd6 Rxd6 41.Re7 b6 42.Rxa7 c5
43.bxc5 bxc5 44.Rc7 c4 45.a4 Bxa4 46.Rxc4 Bd7 47.g4 f6 48.Re4 Kg7 49.Ke3 Kf7
50.Bb4 Bc6 51.Bxd6 Bxe4 52.Bb4 f5 53.g5 Ke6 54.h4  1/2-1/2

[Event "VII Ugra Governor's Cup"]
[Site "Khanty-Mansiysk RUS"]
[Date "2011.09.06"]
[Round "7"]
[White "Vorobiov,E"]
[Black "Kokarev,Dm"]
[Result "1/2-1/2"]
[WhiteElo "2574"]
[BlackElo "2596"]

1.d4 Nf6 2.c4 g6 3.Nc3 Bg7 4.e4 d6 5.Nf3 O-O 6.Be2 e5 7.O-O c6 8.d5 Na6 9.Ne1 Nc5
10.f3 a5 11.Be3 Nh5 12.Qd2 cxd5 13.Nxd5 Be6 14.Rd1 Bxd5 15.Qxd5 Nf4 16.Qd2 Qb6
17.g3 Nfe6 18.b3 Nd4 19.Bxd4 exd4 20.Kg2 Rae8 21.Nc2 Ne6 22.Ne1 Nc5 23.Nc2 Ne6
24.Ne1 Nc5  1/2-1/2

[Event "13th Trieste Open"]
[Site "Trieste ITA"]
[Date "2011.09.08"]
[Round "7"]
[White "Franca,Veronika"]
[Black "Tonel,G"]
[Result "0-1"]
[WhiteElo "1833"]
[BlackElo "1923"]

1.d4 Nf6 2.c4 d6 3.Nc3 g6 4.e4 Bg7 5.Nf3 O-O 6.Be2 e5 7.d5 a5 8.Bg5 h6 9.Bh4 Na6
10.Nd2 Qe8 11.a3 Bd7 12.b3 Nh7 13.Rb1 h5 14.f3 Bh6 15.Bf2 Qe7 16.h4 f5 17.b4 axb4
18.axb4 b6 19.Qb3 Kh8 20.Qb2 g5 21.exf5 Bxf5 22.Nde4 g4 23.Ra1 gxf3 24.gxf3 Nf6
25.c5 dxc5 26.Rxa6 cxb4 27.d6 cxd6 28.Qxb4 Bxe4 29.Nxe4 Nd5 30.Qxd6 Qxd6
31.Nxd6 Rad8 32.Ne4 Rc8 33.O-O Rc2 34.Bd3 Rb2 35.Bc4 Ne3 36.Bxe3 Bxe3+ 37.Nf2 Rxf3
38.Ra8+ Kh7 39.Bd3+ Kg7 40.Kg2 Rbxf2+ 41.Rxf2 Rxf2+ 42.Kg3 Rf4 43.Re8 Rg4+
44.Kh3 Bf4 45.Bf1 Kf7 46.Rb8 Rg3+ 47.Kh2 Rg8+  0-1

[Event "Yuzhny Open"]
[Site "Yuzhny UKR"]
[Date "2011.09.08"]
[Round "9.19"]
[White "Bagiryan,Vigen"]
[Black "Baranov,J"]
[Result "1/2-1/2"]
[WhiteElo "1970"]
[BlackElo "2143"]

1.Nf3 Nf6 2.c4 g6 3.Nc3 Bg7 4.e4 d6 5.d4 O-O 6.Be2 e5 7.Be3 Ng4 8.Bg5 f6
9.Bh4 g5 10.Bg3 Nh6 11.dxe5 dxe5 12.h4 g4 13.Nh2 Na6 14.O-O Qxd1 15.Raxd1 Be6
16.a3 Nc5 17.b4 Nb3 18.Nd5 Rf7 19.Rd3 Nd4 20.Rxd4 exd4 21.Nxc7 Rxc7 22.Bxc7 Nf7
23.Nxg4 d3 24.Bf3 Rc8 25.Bf4 Rxc4 26.Ne3 Rd4 27.Rd1 Ne5 28.Bxe5 fxe5 29.g4 Bf8
30.Kf1 b6 31.Rb1 h6 32.Rc1 a5 33.Rc6 Kf7 34.Rxb6 axb4 35.axb4 Rxb4 36.Rxb4 Bxb4
37.Kg2 Bd2 38.Nd1 Bc4 39.Nb2 Bb5 40.Bd1 Bc1 41.Bb3+ Kf6 42.Nd1 Bd2 43.Kf3 Bb4
44.Ne3 Bc5 45.Nd5+ Kg6 46.Ne3 d2 47.Nf5 Bd7 48.Ng3 Be7 49.Nf5 Bc5 50.Bd1 Bxf5
51.exf5+ Kf6 52.Kg3 Bd6 53.Kf3 Bc5 54.Kg2 Be7 55.Kf3 Bc5 56.Ke2 Bb4 57.f3 Bc5
58.Bc2 Bb4 59.Ke3 Ba5 60.Ke4 Bc3 61.Kd3 Ba5 62.Ke3 Bb4 63.Ke4 Bc3 64.Kd5 Bb2
65.Kc4 Ba3 66.Kc3 Bc5 67.Kxd2 Bf2 68.g5+ hxg5 69.h5 g4 70.Ke2 Bh4 71.fxg4 Bg5
72.Kf3 Bc1 73.Ke4 Bd2 74.Kd5 Bh6 75.Kd6 Bf8+ 76.Kd7 Bh6 77.Ke8 Bg7 78.Bb3 e4
79.Bc2 e3 80.Bd1 Bh6 81.Bc2 Bg7 82.Kd7 Bh6 83.Kd6 Bf4+ 84.Kd5 Bh6 85.Ke4 Bg5
86.Kf3 Bh6 87.Kg3 Bg5 88.Kh3 Kg7 89.Kg3 Kf6 90.Kf3 Bh6 91.Ke4 Bg5 92.Kd5 Bf4
93.Kc6 Ke7 94.Kd5 Kf6 95.Bd1 Bg5 96.Kd6 Bf4+ 97.Kd7 Bg5 98.Ke8 Bh6 99.Be2 Bg7
100.g5+ Kxg5 101.Kf7 Bc3 102.Ke6 Bb2 103.Bf1 Bc3 104.Be2 Bb2 105.Bd3 Bc3
106.h6 Kxh6  1/2-1/2

[Event "9th Amantea Open"]
[Site "Amantea ITA"]
[Date "2011.09.09"]
[Round "7"]
[White "Cordi,D"]
[Black "Gregori,Giacomo"]
[Result "1/2-1/2"]
[WhiteElo "2053"]
[BlackElo "1993"]

1.d4 Nf6 2.c4 g6 3.Nc3 Bg7 4.Nf3 d6 5.e4 O-O 6.Be2 e5 7.O-O exd4 8.Nxd4 Re8
9.f3 Nc6 10.Be3 Nh5 11.Nd5 Nxd4 12.Bxd4 c6 13.Nc3 Be5 14.Bxe5 dxe5 15.Qxd8 Rxd8
16.Rfd1 Be6 17.g3 Nf6 18.Kf2 Kf8 19.Ke3 Ke7 20.b3 Rxd1 21.Rxd1 Rd8 22.Rxd8 Kxd8
23.Na4 Nd7 24.c5 b6 25.cxb6 axb6 26.Nb2 Kc7 27.Bc4 Bxc4 28.Nxc4 b5 29.Nb2 f6
30.f4 Kd6 31.Nd3 Nb6 32.a3 c5 33.fxe5+ fxe5 34.Nb2 Kc6 35.Kd3 Nd7 36.a4 Kb6
37.axb5 Kxb5 38.Nc4 Kb4 39.Kc2 g5 40.Ne3 Kb5 41.Kc3 Nf6 42.Kd3 Ne8 43.Nd5 Nd6
44.h4 gxh4 45.gxh4 h6 46.h5 Nf7  1/2-1/2

[Event "15th Cesenatico Open"]
[Site "Cesenatico ITA"]
[Date "2011.09.09"]
[Round "8"]
[White "MacQueen,C"]
[Black "Klocker,B"]
[Result "1/2-1/2"]
[WhiteElo "2158"]
[BlackElo "2231"]

1.d4 Nf6 2.c4 g6 3.Nc3 Bg7 4.e4 d6 5.Be2 O-O 6.Nf3 e5 7.Be3 Nc6 8.d5 Ne7
9.Nd2 Ne8 10.c5 f5 11.f3 Rf7 12.Qb3 f4 13.Bf2 g5 14.h3 Ng6 15.O-O-O Nh4 16.Rhg1 Bf8
17.cxd6 cxd6 18.Kb1 Nf6 19.Nc4 Rg7 20.Nb5 a6 21.Nb6 Rb8 22.Na3 h5 23.Nac4 Ng6
24.Nxc8 Rxc8 25.Nb6 Rcc7 26.Rc1 g4 27.hxg4 hxg4 28.Rxc7 Rxc7 29.Nc4 Rh7 30.fxg4 Nxe4
31.Bd3 Nxf2 32.Bxg6 Rg7 33.Bf5 Qh4 34.Nd2 Nxg4 35.Nf3 Qh5 36.Be6+ Kh8 37.Qc2 Ne3
38.Qc8 Qh7+ 39.Ka1 Nc2+ 40.Kb1 Nd4+ 41.Ka1 Nxe6 42.Qxe6 e4 43.Qc8 Kg8 44.Qe6+ Kh8
45.Qc8  1/2-1/2

[Event "10th African Games Women"]
[Site "Maputo MOZ"]
[Date "2011.09.09"]
[Round "5.1"]
[White "Lopang,T"]
[Black "Mezioud,A"]
[Result "0-1"]
[WhiteElo "1888"]
[BlackElo "2059"]

1.d4 Nf6 2.c4 g6 3.Nc3 Bg7 4.e4 d6 5.Nf3 O-O 6.Be2 Nbd7 7.O-O e5 8.d5 Nc5
9.Qc2 a5 10.Be3 Ng4 11.Bg5 f6 12.Bh4 g5 13.Bg3 f5 14.exf5 Bxf5 15.Qd2 h6
16.h3 Nf6 17.Bh2 Nfe4 18.Nxe4 Nxe4 19.Qe3 Nf6 20.Nd2 Nd7 21.Rac1 Nc5 22.a3 a4
23.Kh1 c6 24.dxc6 bxc6 25.f3 Qb6 26.Ne4 Bxe4 27.fxe4 Qxb2 28.Bf3 Nb3 29.Rb1 Qxa3
30.Qc3 Qc5 31.Bg1 Nd4 32.Rb7 a3 33.Ra1 a2 34.Bg4 Qa5 35.Bxd4 exd4 36.Be6+ Kh8
37.Qg3 Qe5 38.Qxe5 Bxe5 39.c5 d3 40.Bf5 Bxa1  0-1